000 00362nam a2200157Ia 4500
003 Ost
005 20260225132547.0
008 260225s9999||||xx |||||||||||||| ||und||
040 _cfsic
041 _afre
082 _a440
100 _aZahini de Samarkand
_eAuteur
245 0 _aLe livre des sept vizirs /
245 0 _cZahini de Samarkand
942 _cكتاب
999 _c33879
_d33879